| 000 -ლიდერი |
| ფიქსირებული სიგრძის საკონტროლო ველი |
01517nam a2200253Ia 4500 |
| 001 - საკონტროლო ნომერი |
| საკონტროლო ველი |
18049 |
| 003 - საკონტროლო ნომრის იდენტიფიკატორი |
| საკონტროლო ველი |
GE_BSU |
| 005 - ბოლო ოპერაციის თარიღი და დრო |
| საკონტროლო ველი |
20200521212124.0 |
| 008 - ფიქსირებული სიგრძის მონაცემთა ელემენტები - ზოგადი ინფორმაცია |
| ფიქსირებული სიგრძის საკონტროლო ველი |
181216s1974||||ge |||||||||||||| ||geo|| |
| 040 ## - კატალოგიზაციის წყარო |
| Transcribing agency |
GE_BSU |
| 041 ## - ენის კოდი |
| Language code of text/sound track or separate title |
geo |
| 080 ## - უნივერსალური ათობითი კლასიფიკაციის ინდექსი |
| Universal Decimal Classification number |
811.353.1'01'373.22+59 ქ-42 |
| 100 ## - მთავარი ჩანაწერი - პიროვნების სახელი |
| Personal name |
ქერქაძე, ირინე. |
| 9 (RLIN) |
8157 |
| 245 ## - ცნობა სათაურის შესახებ |
| Title |
ცხოველების აღმნიშვნელი ლექსიკა ძველ ქართულში სხვა ქართველურ ენების მონაცემებთან შედარებით / |
| Statement of responsibility, etc |
ირინე ქერქაძე ; რედ. მ. ჭაბაშვილი ; მხ. გ. ნადირაძე. |
| 264 ## - წარმოების, გამოცემის, დისტრიბუციის და სხვა ცნობები |
| გამოცემის, წარმოების, დისტრიბუციის... ადგილი |
თბილისი : |
| გამოცემის, წარმოების, დისტრიბუციის... სახელწოდება |
მეცნიერება, |
| გამოცემის, წარმოების, დისტრიბუციის... თარიღი |
1974. |
| 300 ## - ფიზიკური აღწერა |
| Extent |
281 გვ. ; |
| Dimensions |
23 სმ. |
| 500 ## - ზოგადი შენიშვნა |
| General note |
საძიებელი გვ. 237-265 |
| 504 ## - BIBLIOGRAPHY, ETC. NOTE |
| Bibliography, etc |
ბიბლიოგრაფია გვ. 214-278 |
| 653 ## - INDEX TERM--UNCONTROLLED |
| Uncontrolled term |
ქართველური ენების ლექსიკა |
| 653 ## - INDEX TERM--UNCONTROLLED |
| Uncontrolled term |
ცხოველების აღმნიშვნელი ლექსიკა ძველ ქართულში სხვა ქართველურ ენების მონაცემებთან შედარებით |
| 700 ## - ADDED ENTRY--PERSONAL NAME |
| Personal name |
ჭაბაშვილი, მ. |
| Relator term |
რედაქტორი |
| 9 (RLIN) |
8021 |
| 700 ## - ADDED ENTRY--PERSONAL NAME |
| Personal name |
ნადირაძე, გ. |
| Relator term |
მხატვარი |
| 9 (RLIN) |
8158 |
| 942 ## - ADDED ENTRY ELEMENTS (KOHA) |
| Koha item type |
წიგნი |
| Source of classification or shelving scheme |
|